[Event "RN-2019-0-01520"]
[Site "LSS email"]
[Date "2019.03.27"]
[Round "?"]
[White "Vontina, Maria"]
[Black "Digiglio, Rafael"]
[Result "1/2-1/2"]
[WhiteElo "796"]
[BlackElo "585"]
[PlyCount "36"]
[EventDate "2019.03.09"]
[EventType "tourn (corr)"]
[EventRounds "6"]
[EventCountry "GER"]
[SourceTitle "Corr 2022"]
[Source "ChessBase"]
[SourceDate "2021.10.24"]
[SourceVersion "1"]
[SourceVersionDate "2021.10.24"]
[SourceQuality "1"]

1. e4 e6 2. d4 d5 3. Nc3 Bb4 4. e5 Bxc3+ 5. bxc3 f6 6. exf6 Nxf6 7. Nf3 0-0 8. Bd3 Ne4 9. Bxe4 dxe4 10. Ne5 Nd7 11. Nxd7 Bxd7 12. Qe2 Qf6 13. 0-0 Qg6 14. Re1 Bc6 15. Be3 Rf5 16. c4 Raf8 17. Rf1 Qh5 18. Qxh5 Rxh5 1/2-1/2